000
00490nam a2200157Ia 4500
008
090124s9999 xx 000 0 und d
082
_b
34062
245
_a
गीत नवे गातो मी
250
_a
1
260
_b
विवेक मुद्रणालय मुंबई
_c
1997
300
_a
816
630
_a
गीत नवे गातो मी
700
_a
लेले अरविंद
730
_a
गीत नवे गातो मी
942
_c
BOOK
999
_c
99972
_d
99972